Informe sobre el desarrollo mundial 1995 (Registro nro. 3863)
[ vista simple ]
| 000 -LEADER | |
|---|---|
| fixed length control field | 01128 a2200229 4500 |
| 001 - CONTROL NUMBER | |
| control field | 44924 |
| 005 - DATE AND TIME OF LATEST TRANSACTION | |
| control field | 20260407155724.0 |
| 008 - FIXED-LENGTH DATA ELEMENTS--GENERAL INFORMATION | |
| fixed length control field | 260407a1995 arg spa d |
| 003 - CONTROL NUMBER IDENTIFIER | |
| control field | AR-UNSa-BCEJYS |
| 040 ## - CATALOGING SOURCE | |
| Original cataloging agency | AR-UNSa-BCEJYS |
| Language of cataloging | spa |
| Transcribing agency | AR-UNSa-BCEJYS |
| 080 ## - UNIVERSAL DECIMAL CLASSIFICATION NUMBER | |
| Universal Decimal Classification number | 330.34 |
| Common auxiliary subdivision | Desarrollo Económico |
| 020 ## - INTERNATIONAL STANDARD BOOK NUMBER | |
| International Standard Book Number | 0-8213-2893-X |
| 041 ## - LANGUAGE CODE | |
| Language code of text/sound track or separate title | spa |
| 100 1# - MAIN ENTRY--PERSONAL NAME | |
| Personal name | Banco Mundial |
| 245 10 - TITLE STATEMENT | |
| Title | Informe sobre el desarrollo mundial 1995 |
| Name of part/section of a work | El mundo del trabajo en una economía integrada |
| 264 #1 - PRODUCTION, PUBLICATION, DISTRIBUTION, MANUFACTURE, AND COPYRIGHT NOTICE | |
| Place of production, publication, distribution, manufacture | Washington : |
| Name of producer, publisher, distributor, manufacturer | Banco Mundial |
| Date of production, publication, distribution, manufacture, or copyright notice | 1995 |
| 300 ## - PHYSICAL DESCRIPTION | |
| Extent | x, 275 p. |
| Dimensions | 27 cm. |
| 505 ## - FORMATTED CONTENTS NOTE | |
| Formatted contents note | 1. ¿Qué estrategias de desarrollo son beneficiosas para los trabajadores? – 2. La integración internacional: ¿oportunidad o amenaza para los trabajadores? – 3. ¿Cómo deberían los gobiernos intervenir en los mercados de trabajo? – 4. ¿Qué políticas pueden ayudar a los trabajadores en época de grandes cambios? – 5. Perspectivas para los trabajadores en el siglo XXI. |
| 590 ## - LOCAL NOTE (RLIN) | |
| Local note | niveau_biblio:m niveau_hierar:0 |
| 856 41 - ELECTRONIC LOCATION AND ACCESS | |
| Uniform Resource Identifier | <a href="https://www.biblioeco.unsa.edu.ar/pmb/images/libros/L127047.jpg">https://www.biblioeco.unsa.edu.ar/pmb/images/libros/L127047.jpg</a> |
| Link text | Imagen de portada |
| Electronic format type | image/jpeg |
| 942 ## - ADDED ENTRY ELEMENTS (KOHA) | |
| Koha item type | |
| Withdrawn status | Lost status | Damaged status | Not for loan | Home library | Current library | Shelving location | Date acquired | Total checkouts | Full call number | Barcode | Date last seen | Price effective from | Koha item type |
|---|---|---|---|---|---|---|---|---|---|---|---|---|---|
| Biblioteca Prof. Eusebio Cleto del Rey | Biblioteca Prof. Eusebio Cleto del Rey | 07/04/2026 | 330.34 B213/95 | L127047 | 07/04/2026 | 07/04/2026 | Libro |